Almucantar graphs of hour angles azimuths and two factors & l and d of stars on the prime almucantar (Record no. 410)
[ view plain ]
| 000 -LEADER | |
|---|---|
| fixed length control field | 00585nam a2200169Ia 4500 |
| 003 - CONTROL NUMBER IDENTIFIER | |
| control field | IN-BaIIA |
| 008 - FIXED-LENGTH DATA ELEMENTS--GENERAL INFORMATION | |
| fixed length control field | 211028s9999 xx 000 0 eng d |
| 040 ## - CATALOGING SOURCE | |
| Transcribing agency | IIA Library |
| 080 ## - UNIVERSAL DECIMAL CLASSIFICATION NUMBER | |
| Universal Decimal Classification number | 52(083) |
| Item number | DOD |
| 100 ## - MAIN ENTRY--PERSONAL NAME | |
| Personal name | Dodnell, G. F. |
| 9 (RLIN) | 932 |
| 245 #0 - TITLE STATEMENT | |
| Title | Almucantar graphs of hour angles azimuths and two factors & l and d of stars on the prime almucantar |
| Statement of responsibility, etc. | G. F. Dodnell |
| 260 ## - PUBLICATION, DISTRIBUTION, ETC. | |
| Place of publication, distribution, etc. | Australia |
| Name of publisher, distributor, etc. | R E E Aogeas Government Printer |
| Date of publication, distribution, etc. | 1927 |
| 300 ## - PHYSICAL DESCRIPTION | |
| Extent | x,33p |
| 650 ## - SUBJECT ADDED ENTRY--TOPICAL TERM | |
| Topical term or geographic name entry element | Astronomy and Astrophysics Thesaurus |
| 650 ## - SUBJECT ADDED ENTRY--TOPICAL TERM | |
| Topical term or geographic name entry element | Tables |
| 9 (RLIN) | 933 |
| 942 ## - ADDED ENTRY ELEMENTS (KOHA) | |
| Koha item type | Books |
| Withdrawn status | Lost status | Damaged status | Not for loan | Home library | Current library | Shelving location | Date acquired | Total Checkouts | Full call number | Barcode | Date last seen | Price effective from | Koha item type |
|---|---|---|---|---|---|---|---|---|---|---|---|---|---|
| IIA Library-Bangalore | IIA Library-Kodaikanal | General Stacks | 52(083)/ DOD | 404 | 05/11/2021 | Books |